El cambio en las organizaciones de discapacidad: estrategias para superar sus retos y hacerlo realidad guía de liderazgo

Guardado en:
Detalles Bibliográficos
Autores principales: Schalock, Robert L (Autor), Verdugo, Miguel Angel (Autor)
Formato: Libro
Lenguaje:español
Publicado: Madrid Alianza 2013
Edición:1a. ed
Materias:
Etiquetas: Agregar Etiqueta
Sin Etiquetas, Sea el primero en etiquetar este registro!

MARC

LEADER 00000cam a2200000 a 4500
001 UCE3861
003 CL-VaPUC
008 140925e20130000sp |||||||||||||||||spa|d
020 |a 9788420676050 
082 0 4 |a 371.92  |b SCH  |2 21 
100 0 |a Schalock, Robert L  |e author  |9 576383 
700 0 |a Verdugo, Miguel Angel  |e author  |9 576384 
245 1 3 |a El cambio en las organizaciones de discapacidad: estrategias para superar sus retos y hacerlo realidad guía de liderazgo 
250 |a 1a. ed 
300 |a 300 p 
942 |c BK 
945 |d 20140925 17:45:00  |a arojas 
260 |a Madrid  |b Alianza  |c 2013 
650 7 |a DISCAPACITADOS  |2 CL-VaPUC  |9 485708 
650 0 |a Educación especial  |9 307486 
650 7 |a EDUCACION DIFERENCIAL  |2 CL-VaPUC  |9 338931 
650 0 |a Organizaciones  |9 337993 
583 |a last modification  |c 20140925 17:45:00  |k Rodrigo Vera 
999 |c 356989  |d 356987 
952 |0 0  |1 0  |3 erb  |4 0  |6 371_920000000000000_SCH_2013  |7 0  |8 R  |9 464783  |a BIBEDU  |b BIBEDU  |c MCIRC  |i 5115949  |l 3  |o 371.92 SCH 2013  |p 5115949  |r 2024-06-28  |s 2024-06-28  |w 2019-11-23  |y BK_R  |z Catalogado en:20140925  |k EDI